Toutes les communes de Haute-Loire sur une carte - Statistiques

Statistiques générales
  • Ce quiz a été pris 870 fois
  • Le résultat moyen est 68 sur 257
Réponses sur la Carte
Les réponses sont colorées sur une échelle allant du rouge au vert en fonction du pourcentage des utilisateurs qui les ont devinées à leur premier essai. Vous pouvez retrouver ces pourcentages ci-dessous.
 
Statistiques - réponses
Population Commune % Correct
18 947 Le Puy-en-Velay
96%
7 320 Yssingeaux
88%
6 537 Brioude
86%
213 Monistrol-d'Allier
78%
8 962 Monistrol-sur-Loire
78%
4 238 Brives-Charensac
64%
2 010 Saint-Julien-Chapteuil
62%
246 Saint-Julien-d'Ance
62%
65 Saint-Julien-des-Chazes
62%
490 Saint-Julien-du-Pinet
62%
171 Saint-Julien-Molhesabate
62%
184 Saint-Paul-de-Tartas
62%
3 521 Espaly-Saint-Marcel
56%
3 451 Langeac
56%
6 166 Aurec-sur-Loire
55%
2 986 Retournac
55%
6 023 Sainte-Sigolène
53%
2 818 Polignac
52%
608 La Chaise-Dieu
51%
2 420 Le Chambon-sur-Lignon
51%
3 459 Saint-Didier-en-Velay
51%
194 Saint-Didier-sur-Doulon
51%
4 461 Bas-en-Basset
49%
3 099 Tence
49%
474 Le Pertuis
48%
319 Les Estables
48%
544 Saint-Pierre-du-Champ
48%
1 196 Saint-Pierre-Eynac
48%
1 694 Saugues
48%
3 597 Saint-Germain-Laprade
47%
42 Vals-le-Chastel
47%
3 421 Vals-près-le-Puy
47%
4 240 Saint-Just-Malmont
46%
404 Saint-Just-près-Brioude
46%
1 968 Craponne-sur-Arzon
45%
2 429 Chadrac
44%
2 665 Dunières
44%
177 Saint-Jean-d'Aubrigoux
44%
346 Saint-Jean-de-Nay
44%
298 Saint-Jean-Lachalm
44%
2 428 Saint-Paulien
44%
1 703 Blavozy
43%
1 152 Montfaucon-en-Velay
43%
1 004 Saint-Pal-de-Chalencon
42%
2 300 Saint-Pal-de-Mons
42%
110 Saint-Pal-de-Senouire
42%
1 193 Vieille-Brioude
41%
1 454 Aiguilhe
40%
1 754 Le Monastier-sur-Gazeille
40%
476 Saint-Georges-d'Aurac
40%
520 Saint-Georges-Lagricol
40%
2 623 Saint-Maurice-de-Lignon
40%
804 Siaugues-Sainte-Marie
40%
96 Saint-Étienne-du-Vigan
39%
752 Saint-Étienne-Lardeyrol
39%
53 Saint-Étienne-sur-Blesle
39%
2 986 Beauzac
38%
3 216 Coubon
38%
266 Lavoûte-Chilhac
38%
829 Lavoûte-sur-Loire
38%
1 889 Pont-Salomon
38%
215 Saint-Bonnet-le-Froid
38%
697 Saint-Hostien
38%
1 450 Vorey
38%
1 114 Grazac
37%
938 Loudes
37%
545 Pradelles
37%
47 La Chapelle-Bertin
36%
1 072 La Chapelle-d'Aurec
36%
110 La Chapelle-Geneste
36%
1 736 Lapte
36%
1 485 La Séauve-sur-Semène
36%
543 Costaros
35%
139 Fix-Saint-Geneys
35%
266 Solignac-sous-Roche
35%
1 274 Solignac-sur-Loire
35%
873 Allègre
34%
358 Fay-sur-Lignon
34%
864 Paulhaguet
34%
92 Saint-Christophe-d'Allier
34%
948 Saint-Christophe-sur-Dolaison
34%
1 528 Rosières
33%
406 Saint-Front
32%
1 040 Saint-Vincent
32%
1 388 Bains
31%
872 Landos
31%
816 Saint-Victor-Malescours
31%
90 Saint-Victor-sur-Arlanc
31%
128 Ally
30%
1 929 Lantriac
30%
1 182 Riotord
30%
2 468 Saint-Ferréol-d'Auroure
30%
1 200 Arsac-en-Velay
29%
967 Saint-Jeures
29%
634 Blesle
28%
1 111 Mazet-Saint-Voy
28%
941 Raucoules
28%
3 226 Sainte-Florine
28%
236 Saint-Martin-de-Fugères
28%
397 Saint-Privat-d'Allier
28%
165 Saint-Privat-du-Dragon
28%
1 810 Vergongheon
28%
1 673 Cussac-sur-Loire
27%
1 015 Laussonne
27%
1 317 Lempdes-sur-Allagnon
27%
1 452 Les Villettes
27%
700 Cayres
26%
1 111 Saint-Romain-Lachalm
26%
380 Saint-André-de-Chalencon
25%
810 Chaspuzac
24%
280 Le Bouchet-Saint-Nicolas
24%
849 Beaux
23%
886 Fontannes
23%
105 Freycenet-la-Cuche
23%
109 Freycenet-la-Tour
23%
762 Malrevers
23%
581 Montregard
23%
604 Araules
22%
1 043 Beaulieu
22%
480 Bessamorel
22%
152 Le Mas-de-Tence
22%
682 Le Monteil
22%
1 441 Mazeyrat-d'Allier
22%
610 Saint-Vidal
22%
448 Bellevue-la-Montagne
21%
406 Borne
21%
868 Chaspinhac
21%
121 Chaudeyrolles
21%
347 Queyrières
21%
281 Saint-Haon
21%
341 Venteuges
21%
905 Auzon
20%
419 Chanteuges
20%
331 Espalem
20%
127 Esplantas-Vazeilles
20%
153 La Chomette
20%
193 Les Vastres
20%
100 Moudeyres
20%
61 Prades
20%
457 Tiranges
20%
142 Arlempdes
19%
497 Chamalières-sur-Loire
19%
462 Chomelix
19%
527 Valprivas
19%
336 Chadron
18%
167 Chilhac
18%
437 Jullianges
18%
610 Le Brignon
18%
479 Roche-en-Régnier
18%
1 084 Sanssac-l'Église
18%
622 Vézézoux
18%
153 Alleyras
17%
405 Blanzac
17%
475 Céaux-d'Allègre
17%
56 Goudet
17%
22 Le Vernet
17%
248 Saint-Laurent-Chabreuges
17%
266 Vazeilles-Limandre
17%
285 Villeneuve-d'Allier
17%
1 002 Bournoncle-Saint-Pierre
16%
205 Champclause
16%
310 Chenereilles
16%
875 Cohade
16%
250 Lavaudieu
16%
218 Thoras
16%
501 Vergezac
16%
266 Chavaniac-Lafayette
15%
317 Félines
15%
145 Jax
15%
838 Lamothe
15%
858 Malvalette
15%
414 Monlet
15%
126 Montusclat
15%
117 Pébrac
15%
189 Pinols
15%
453 Saint-Beauzire
15%
321 Saint-Geneys-près-Saint-Paulien
15%
161 Saint-Hilaire
15%
114 Saint-Préjet-Armandon
15%
174 Saint-Préjet-d'Allier
15%
227 Sembadel
15%
362 Vernassal
15%
292 Lissac
14%
403 Lorlanges
14%
196 Saint-Arcons-d'Allier
14%
116 Saint-Arcons-de-Barges
14%
185 Saint-Ilpize
14%
300 Séneujols
14%
303 Vissac-Auteyrac
14%
358 Boisset
13%
207 Cerzat
13%
190 Champagnac-le-Vieux
13%
173 Chanaleilles
13%
69 Cronce
13%
80 Ferrussac
13%
552 Frugerès-les-Mines
13%
179 Javaugues
13%
196 Mazerat-Aurouze
13%
114 Présailles
13%
119 Alleyrac
12%
23 Arlet
12%
207 Beaune-sur-Arzon
12%
431 Ceyssac
12%
120 Chastel
12%
32 Chazelles
12%
296 Couteuges
12%
149 Cubelles
12%
55 Desges
12%
171 Domeyrat
12%
193 Grèzes
12%
142 Mercœur
12%
54 Ouides
12%
640 Paulhac
12%
81 Saint-Bérain
12%
245 Saint-Géron
12%
142 Salettes
12%
347 Salzuit
12%
72 Tailhac
12%
49 Auvers
11%
67 Charraix
11%
132 Cistrières
11%
181 Frugières-le-Pin
11%
99 La Besseyre-Saint-Mary
11%
115 Sainte-Eugénie-de-Villeneuve
11%
41 Sainte-Marguerite
11%
51 Saint-Vénérand
11%
105 Saint-Vert
11%
287 Azérat
10%
110 Barges
10%
78 Lafarre
10%
63 Laval-sur-Doulon
10%
215 Léotoing
10%
146 Mézères
10%
196 Rauret
10%
51 Saint-Austremoine
10%
174 Agnat
9%
270 Beaumont
9%
132 Connangles
9%
112 Grenier-Montgon
9%
88 Lubilhac
9%
68 Vielprat
9%
180 Aubazat
8%
44 Berbezit
8%
134 Blassac
8%
162 Chaniat
8%
65 Chassignolles
8%
165 Saint-Cirgues
8%
25 Varennes-Saint-Honorat
8%
53 Autrac
7%
155 Chassagnes
7%
72 Collat
7%
84 Josat
7%
68 Torsiac
7%
76 Bonneval
6%
126 Chambezon
6%
54 Montclard
6%
137 Malvières
4%
Aucun quiz correspondant
Distribution des résultats
% des personnes avec chaque résultat
Percentile par nombre de réponses
Votre historique - résultats
Vous n’avez pas pris ce quiz